Les ouvrages du NCEP - Statistiques

Statistiques générales
  • Ce quiz a été pris 12 fois
  • Le résultat moyen est 20 sur 31
Statistiques - réponses
Hint Réponse % Correct
Le capital Marx
100%
Ethique à Nicomaque Aristote
89%
Le Suicide Durkheim
89%
Surveiller et punir Foucault
89%
Le Léviathan Hobbes
89%
Critique de la raison pure Kant
89%
De l'esprit des lois Montesquieu
89%
La République Platon
89%
Emile ou de l'éducation Rousseau
89%
Du contrat social Rousseau
89%
De la démocratie en Amérique Tocqueville
89%
L’éthique protestante et l’esprit du capitalisme Weber
89%
La crise de la culture Arendt
78%
De la division du travail social Durkheim
78%
Les règles de la méthode sociologique Durkheim
78%
Sur le processus de civilisation Elias
78%
La distinction Bourdieu
67%
Trouble dans le genre Butler
67%
Essai sur le don Mauss
67%
Théorie de la justice Rawls
67%
L'origine du mal Arendt
56%
Femmes, race et classe Davis
56%
Les structures élémentaires de la parenté Lévi-Strauss
56%
Le savant et la politique Weber
56%
Phénoménologie de l'esprit Hegel
44%
La méditerranée Braudel
33%
De la richesse des nations Smith
33%
Théorie générale des normes Kelsen
22%
La souffrance à distance Boltanski
11%
Il faut défendre la société Foucault
11%
L'idée de justice Sen
0%
Aucun quiz correspondant
Distribution des résultats
% des personnes avec chaque résultat
Percentile par nombre de réponses
Votre historique - résultats
Vous n’avez pas pris ce quiz